Gares sur la ligne de Metz à Forbach - Statistiques

Statistiques générales
  • Ce quiz a été pris 56 fois
  • Le résultat moyen est 8 sur 12
Statistiques - réponses
Gare % Correct
Forbach
98%
Metz-Ville
95%
Saint-Avold
91%
Rémilly
81%
Faulquemont
79%
Béning
72%
Hombourg-Haut
70%
Herny
53%
Peltre
51%
Téting
51%
Courcelles-sur-Nied
37%
Sanry-sur-Nied
26%
Aucun quiz correspondant
Distribution des résultats
% des personnes avec chaque résultat
Percentile par nombre de réponses
Votre historique - résultats
Vous n’avez pas pris ce quiz